00542nam a2200193Ia 450000500170000000800410001702000150005808200130007324500310008626000350011730000170015265000130016965000140018265000110019670000230020794200060023095200970023699900150033320241003030442.0240331s9999 xx 000 0 und d a0394726472 bNEWa809 4aThe new feminist criticism aNew YorkbPantheon Booksc1985 aix, 403 p ., aFeminist aCriticism aGender aShowalter,E. eedt cL 001040708LaWERCLbWERCLcSSCd2024-03-31l0o 809.8 NEWp6006r2024-03-31w2024-03-31yL c2470d2470